| 000 | 00921nam a22003137a 4500 | ||
|---|---|---|---|
| 001 | BR9507490 | ||
| 003 | BR-BrBNA | ||
| 005 | 20230928094719.0 | ||
| 007 | ta | ||
| 008 | 230509b bl.||||| |||| 00| 0 por d | ||
| 040 |
_aBR-BrBNA _bpor _cBiblioteca Nacional de Agricultura |
||
| 041 | _a(Por) | ||
| 072 |
_aE70 _b1410 |
||
| 090 | _ 1410 BR9507490 | ||
| 100 | 1 | _aAlmeida, I.M. da S. | |
| 110 | 1 |
_aEscola Superior de Agricultura Luiz de Queiroz, Piracicaba, SP (Brasil) _0Tese (Mestre em Agronomia) |
|
| 245 | 1 | _aA oferta de feijao nos estados de Sao Paulo, Parana e Minas Gerais | |
| 260 | 3 |
_aPiracicaba, SP (Brasil): _c1994. |
|
| 300 | _a126 p. | ||
| 500 | _aSummaries (Eng, Por); 7 illus.; 33 tables; 58 ref. | ||
| 650 | _aFeijao | ||
| 650 | _aOferta | ||
| 650 | _aPreco | ||
| 650 | _aSao Paulo | ||
| 650 | _aParana | ||
| 650 | _aMinas Gerais | ||
| 909 |
_a202309 _bLucia _c55 _dLucia Elande |
||
| 942 | _cBK | ||
| 999 |
_c52229 _d52229 |
||